000 00750nab a2200253 4500
003 BR-BrBNA
005 20241210135217.0
008 241210b bl.||||| |||| 00| 0 por d
040 _aBR-BrBNA
_bpor
072 _aF06 ; N20 ; F04
_b4630
100 _aGiacóia Neto, José
245 _aFertirrigação em paisagismo
500 _a7 illus.
650 _aFERTIRRIGAÇÃO
650 _aPAISAGISMO
650 _aFERTILIZANTE LÍQUIDO
650 _aEQUIPAMENTO DE IRRIGAÇÃO
650 _aMANEJO
650 _aANÁLISE DO SOLO
650 _aADUBAÇÃO
773 0 _04820
_9344689
_dVotuporanga/SP IRRIGAZINE 2009
_o2024-5021
_tIrrigazine (Brazil)
_gv. 9(34) p. 23-24; (Dec 2013)
_wBR2024003894
942 _cANA
999 _c329144
_d329144